| 000 | 00395nam a2200157Ia 4500 | ||
|---|---|---|---|
| 008 | 230711s9999||||xx |||||||||||||| ||und|| | ||
| 041 | _aENG | ||
| 082 |
_a4 _bRA-K |
||
| 100 | _aS. Ramani | ||
| 245 | 0 | _aKnowledge based computer system | |
| 250 | _a1st Ed. | ||
| 260 |
_c1990 _aNew Delhi _bNarosa Publishing House |
||
| 650 | _aComputer Engineering | ||
| 700 | _aR. Chandrasekar | ||
| 942 | _cBK | ||
| 999 |
_c3209 _d3209 |
||